| 000 | 01033nam a22003137a 4500 | ||
|---|---|---|---|
| 001 | BR2010001621 | ||
| 003 | BR-BrBNA | ||
| 005 | 20230928103242.0 | ||
| 007 | ta | ||
| 008 | 230509b bl.||||| |||| 00| 0 por d | ||
| 040 |
_aBR-BrBNA _bpor _cBiblioteca Nacional de Agricultura |
||
| 041 | _a(Por) | ||
| 072 | _aP33 | ||
| 090 | _ P33 BR2010001621 | ||
| 100 | 1 | _aMacacini, J.F. | |
| 110 | 1 |
_aCentro de Energia Nuclear na Agricultura, Piracicaba, SP (Brasil) _0Tese (Doutor em Ciências) |
|
| 245 | 1 | _aDesenvolvimento de método para quantificação de taxa de exalação de 222Rn em bacia de rejeitos radioativos e estudo de solo como material mitigador | |
| 260 | 3 |
_aPiracicaba, SP (Brasil): _c2008. |
|
| 300 | _a152 p. | ||
| 500 | _aSummaries (Eng, Por); Bibliography p. 129-135; 22 illus.; 18 tables | ||
| 650 | _aSOLO | ||
| 650 | _aADSORÇÃO | ||
| 650 | _aCARVÃO | ||
| 650 | _aESPECTROMETRIA | ||
| 650 | _aRAIO GAMA | ||
| 650 | _aANÁLISE QUANTITATIVA | ||
| 909 |
_a202309 _bLucia _c55 _dLucia Elande |
||
| 942 | _cBK | ||
| 999 |
_c74307 _d74307 |
||